000 00427nam a2200169Ia 4500
008 230711s9999||||xx |||||||||||||| ||und||
020 _a978-81-265-2729-8
041 _aENG
082 _a621.319
_bGR-E
100 _aGreenwood,Allan
245 0 _aElectrical transients in power systems
250 _a2nd Ed.
260 _c1991
_aNew Delhi
_bWiley & Sons
300 _a751p.
650 _aElectrical Engineering
942 _cBK
999 _c5981
_d5981